000 00429nam a2200169 4500
001 VA40429
003 ES-SlBCS
005 20210601154336.0
008 140520s1972 xxu||||| |||| 00| 0 spa d
041 _aspa
100 1 _aOnimus, Jean
_918656
245 1 0 _aUn libro para mis hijas
_cJean Onimus
260 _aMadrid :
_bStudium
_c, 1972
300 _a213 p.;
_c18 cm
650 _aEducación de las Hijas
_9368893
942 _cBK
999 _c803406
_d803406